[Event "41st Eastman Open Ghent"]
[Site "Ghent"]
[Date "2018.07.15"]
[Round "4"]
[White "Vandelacluze, Ian"]
[Black "Michiels, Bart"]
[Result "0-1"]
[WhiteElo "2174"]
[BlackElo "2554"]
[Annotator "TA"]
[PlyCount "112"]
[EventDate "2018.07.15"]
[EventCountry "BEL"]
[SourceTitle "playchess.com"]
[Source "ChessBase"]
[SourceQuality "1"]

{[%evp 15,112,23,24,22,12,19,22,5,0,-5,1,0,-10,-46,-51,-52,-23,-31,0,-64,-59,-39,0,-84,-60,-81,-78,-82,-77,-79,-57,-63,-57,-58,-39,-51,-32,-83,-73,-82,-82,-100,-93,-89,-78,-141,-50,-53,0,0,0,0,0,0,0,0,0,0,8,8,0,0,0,0,0,0,0,0,0,0,0,-633,-626,-620,-619,-596,-589,-555,-521,-486,-377,-952,-952,-945,-906,-898,-783,-704,-652,-652,-652,-641,-626,-608,-562,-514,-471,-360,-329]} 1. e4 d6 2. d4 Nf6 3. Nc3 e5 4. Nf3 Nbd7 5. Bc4 Be7 6. O-O O-O 7. a4 a5 8. h3 {C41: Philidor Defence} (8. Re1 c6 9. Ba2 Re8 10. h3 Bf8 11. Be3 h6 12. Nh4 exd4 13. Bxd4 Nc5 14. Bxc5 dxc5 15. e5 Qxd1 16. Raxd1 Nh5 17. Ng6 Be6 18. Nxf8 Kxf8 19. Bxe6 Rxe6 {1-0 (38) Vachier Lagrave,M (2783)-Ivanchuk,V (2757) Leuven 2017}) 8... Nb6 {LiveBook: 6 Games} 9. Bb3 exd4 10. Nxd4 {The position is equal.} Nfd7 {[%cal Bf6d7,Bd7c5,Bc5a4][%mdl 32]} 11. Nd5 Nxd5 12. Bxd5 $146 ({Predecessor:} 12. exd5 Nc5 13. Bc4 Bf6 14. c3 Bd7 15. Nb5 Re8 {½-½ (32) Colmenares,A (2350)-Schroeder,J (2523) Barcelona 2016}) 12... c6 13. Ba2 Nc5 14. Qf3 Nxa4 15. Rd1 Nc5 16. Bf4 Be6 17. Nf5 (17. Nxe6 $11 fxe6 18. Qe3) 17... Bxf5 $1 $15 18. exf5 {Black should prevent f6!} d5 {[%cal Bd6d5,Bd5d4,Bd4d3][%mdl 32]} 19. c4 (19. Be3 $1 $11 {remains equal.} Nd7 20. c4) 19... d4 $17 20. Be5 d3 21. Bb1 {[%cal Rb1d3]} Bf6 $1 {[%cal Rf6e5]} 22. Qe3 Bxe5 (22... b6 {seems wilder.} 23. Bxd3 Re8 24. Bc2 Qc8 25. f4 Nd7) 23. Qxe5 Qb6 {...Rfe8 is the strong threat.} 24. Bxd3 f6 $36 {[%mdl 2048] White is under pressure.} 25. Qc3 Qb4 26. Qxb4 ({White should try} 26. Qc2 $15) 26... axb4 27. Rxa8 Rxa8 $15 {[%mdl 4096] Endgame KRB-KRN} 28. Bb1 b3 29. Kf1 Ra4 30. Rc1 (30. Rd4 $142) 30... Ra1 (30... Rb4 $17 31. Rd1 Rxc4) 31. Ke2 Ra2 ({Black should play} 31... Ra8 $15) 32. Bxa2 $11 bxa2 {KR-KN} 33. Rd1 ({Don't blunder} 33. Ra1 $2 Nb3 $19) 33... Nb3 34. Kd3 $1 a1=Q 35. Rxa1 Nxa1 {KN-KP} 36. Kc3 $1 b5 37. cxb5 cxb5 38. b4 Kf7 39. Kb2 Ke7 {And now ...Kd6 would win.} 40. Kxa1 {KP-KP} Kd6 {Threatens to win with ...Ke5.} 41. Kb2 Kd5 42. Kc3 Ke4 43. h4 $2 {[%mdl 8192]} (43. g4 $11) 43... h5 $1 $19 44. g3 {[#]} Kf3 $1 {[%cal Rf3f2]} 45. Kd4 Kxf2 46. Kc5 Kxg3 47. Kxb5 Kxh4 {K3P-KPP} 48. Kc4 $2 {[#]} (48. Ka5 Kg4 49. b5) 48... Kg4 $1 49. b5 h4 50. b6 h3 {aiming for ...h2.} 51. b7 h2 52. b8=Q h1=Q 53. Qa7 Qe4+ 54. Kc3 Qf3+ 55. Kc4 Qf4+ 56. Kc3 Qg3+ {Precision: White = 59%, Black = 72%.} (56... Kxf5 $2 57. Qxg7 Qe5+ 58. Kc4 $17) 0-1

[Event "41st Eastman Open Ghent"]
[Site "Ghent"]
[Date "2018.07.15"]
[Round "4"]
[White "Iolis, Oleg"]
[Black "Abolianin, Arthur"]
[Result "0-1"]
[WhiteElo "2151"]
[BlackElo "2327"]
[Annotator "TA"]
[PlyCount "162"]
[EventDate "2018.07.15"]
[EventCountry "BEL"]
[SourceTitle "playchess.com"]
[Source "ChessBase"]
[SourceQuality "1"]

{[%evp 11,162,63,67,47,54,22,97,89,88,87,116,104,136,83,93,85,83,81,77,68,92,92,114,90,110,75,89,83,91,55,69,51,68,45,119,90,176,146,158,143,181,174,166,191,462,490,489,457,429,272,253,266,258,81,88,82,78,88,79,-7,-7,-12,0,0,0,0,0,-56,-55,-42,-15,-16,-13,-26,-6,-41,-26,-255,-255,-255,-255,-255,-147,-255,-255,-299,-255,-260,-255,-271,-255,-255,-255,-260,-252,-250,-216,-252,-252,-252,-247,-439,-216,-439,-253,-489,-482,-515,-484,-12825,-12827,-12824,-12823,-12829,-12831,-12831,-12829,-12827,-12828,-12830,0,-12827,-851,-12829,-12831,-12827,-2082,-12835,-12836,-12837,-12837,-12838,-12838,-12839,-12840,-12842,-12841,-12842,-12842,-12843,-12843,-12843,-12839,-12839,-12839,-12845,-12842,-12846,-12846,-12848,-12848,-12850,-12850]} 1. e4 g6 2. d4 Nf6 3. Nc3 c6 4. Be3 d6 5. f3 Qb6 6. Qc1 Nbd7 {LiveBook: 3 Games. B07: Pirc Defence: Miscellaneous Systems} (6... Bg7 7. Nge2 O-O 8. g4 Bxg4 9. fxg4 Nxg4 10. Bh3 Nxe3 11. Qxe3 e5 12. O-O-O Na6 13. Qd2 exd4 14. Nxd4 Nc5 {0-1 (71) Ward,C (2441)-Chatalbashev,B (2552) Gent 2017}) 7. a4 $146 ({Predecessor:} 7. Bd3 Bg7 8. Nge2 O-O 9. h4 Qa5 10. h5 Nxh5 11. g4 Nhf6 12. Bh6 Bh8 13. Bxf8 Nxf8 14. Qd2 {1-0 (33) Polok,K (2228)-Czerwonski,A (2382) Krakow 2015}) 7... Qa5 8. Nh3 {[%cal Bg1h3,Bh3f2,Bf2d3][%mdl 32]} h6 (8... Bg7 $11 {keeps the balance.}) 9. Be2 Bg7 10. O-O Nf8 11. Nf2 e5 12. dxe5 ({White should play} 12. d5) 12... dxe5 $16 13. Nd3 Ne6 14. b4 Qc7 15. a5 Nd4 16. Bd1 Be6 17. Na4 Rd8 18. Rf2 Nd7 19. c3 Nb5 20. Nac5 Nxc5 21. Nxc5 Bc4 22. Bb3 Nd6 (22... Bxb3 $14 23. Nxb3 h5) 23. Rd2 {Hoping for Rxd6!} b6 (23... Bxb3 $16 24. Nxb3 Nb5) 24. axb6 axb6 {[#]} 25. Rxd6 $1 {[%mdl 512]} Qxd6 26. Bxc4 bxc5 27. Bxc5 Qb8 $2 (27... Qd7 28. Bb6 O-O) 28. Ra7 $18 {[%csl Ga7][%cal Rc4f7]} Rd7 29. Rxd7 Kxd7 30. Qd1+ Ke8 31. Qa4 $1 {[%cal Ra4c6]} Qb7 32. b5 $2 (32. Bd5 $1 $18 {[%cal Rd5c6]} Kd7 33. Bxf7) 32... Bf8 $16 33. Be3 cxb5 34. Bxb5+ Ke7 35. c4 (35. f4 $16 Kf6 36. Bd4 $1 {[%mdl 512]}) 35... Kf6 $11 36. c5 Be7 {And now ...Rb8 would win.} 37. c6 Qc7 38. h3 Bd6 39. Ba6 (39. Bc4 $11) 39... Ra8 $15 40. Qb5 g5 41. Kh2 Qe7 42. Bb6 Kg7 43. Qc4 (43. Bb7 $5 {[%cal Rb7a8]} Rb8 44. Qa5 $11) 43... Qf6 44. c7 $2 {[#]} (44. Qf1 $11 {and White stays safe.}) 44... Bxc7 $1 $19 {[%mdl 512]} 45. Bxc7 Rxa6 {[%mdl 4096] Endgame KQR-KQB} 46. Qc3 Qf4+ ({Black should try} 46... Re6 $1 $19 47. Kg3 h5) 47. Kg1 (47. g3 $17 {was the only defense.} Ra2+ 48. Kh1) 47... Re6 48. Kf2 Qf6 49. Qa5 Qe7 50. Bb6 Qd7 51. Be3 f6 52. Kg3 Qb7 53. h4 Qf7 54. Kg4 Qd7 {( -> ...Ra6+)} 55. Kg3 Re8 56. h5 $2 (56. Qa2) 56... Rb8 (56... Qf7 $142 57. Qa7 Re7) 57. Qc5 $2 (57. Kh2) 57... Rb2 (57... Qf7 $142 58. Qa7 Rb7) 58. Qc3 $2 (58. Qa3 {was called for.} Rc2 59. Qb3) 58... Re2 59. Bb6 Qf7 60. Qc7 (60. Qc6 $142 Qxh5 61. Qd7+ Qf7 62. Qd1) 60... Qxc7 61. Bxc7 {KR-KB} Rc2 62. Bb8 Kf7 63. Bd6 Rd2 64. Bb4 Rb2 65. Bc5 {[#]} Rc2 $2 ({Better is} 65... f5 $1 $19 {Strongly threatening ...f4+.} 66. exf5 Kf6) 66. Bb4 $2 {[%mdl 8192]} (66. Bd6 $11 Ke6 67. Bf8) 66... Rc8 (66... Ke6 $142 67. Bf8 Rc8) 67. Kg4 Ke6 68. Ba3 {[#]} Ra8 (68... f5+ $142 $1 69. exf5+ Kf6) 69. Bb4 Ra4 70. Bf8 f5+ 71. Kg3 fxe4 72. fxe4 Rxe4 73. Bxh6 Kf5 74. Bg7 Rh4 75. h6 e4 76. Kf2 Rh1 77. Ke3 g4 {[%cal Bg5g4,Bg4g3][%mdl 32]} 78. Bf8 Rh2 79. Bg7 g3 80. Kd4 Rxg2 81. h7 Rh2 {Precision: White = 27%, Black = 48%.} 0-1

[Event "41st Eastman Open Ghent"]
[Site "Ghent"]
[Date "2018.07.15"]
[Round "4"]
[White "Becx, Cesar"]
[Black "Lammens, Tim"]
[Result "0-1"]
[WhiteElo "2107"]
[BlackElo "2293"]
[Annotator "TA"]
[PlyCount "62"]
[EventDate "2018.07.15"]
[EventCountry "BEL"]
[SourceTitle "playchess.com"]
[Source "ChessBase"]
[SourceQuality "1"]

{[%evp 18,62,-2,-3,18,19,17,17,19,-5,49,11,4,14,117,116,159,86,73,20,22,24,56,16,97,33,45,-108,-104,-192,-163,-235,-261,-253,-236,-367,-348,-436,-448,-447,-442,-434,-442,-439,-434,-803,-798]} 1. f4 c5 2. Nf3 Nc6 3. g3 g6 4. Bg2 Bg7 5. O-O d6 6. d3 Nf6 7. e4 O-O 8. Nc3 Rb8 9. Rb1 b5 10. a3 {[%cal Ba2a3,Ba3a4][%mdl 32]} a5 {B25: Closed Sicilian: 3 g3, lines without early Be3} 11. a4 b4 12. Nb5 $1 c4 {The position is equal.} 13. e5 $146 ({Predecessor:} 13. dxc4 Nxe4 14. Qe2 Nc5 15. b3 Bg4 16. Be3 {½-½ (16) Giaccio,A (2467)-Crosa Coll,M (2401) Sao Jose de Rio Preto 2005}) 13... dxe5 (13... Qb6+ $11 14. Kh1 dxe5) 14. Nxe5 Nxe5 15. fxe5 Nd5 (15... Nd7 $11) 16. dxc4 $16 Nb6 {[#]} 17. Qe2 (17. b3 $142 $1) 17... Nxa4 18. Rd1 (18. Ra1 $16 Nb6 19. Rd1) 18... Qb6+ $11 19. Be3 Qe6 20. Nd4 Qa6 {[#]} (20... Qxe5 $11 21. Nc6 Bg4) 21. Nc6 ({Better is} 21. Bc6 $1 $16 {[%cal Rc6a4]} Nc5 22. Bb5) 21... Rb7 $14 {[%cal Bb8b7,Bb7c7,Bc7d7,Bd7d1,Bd1d2][%mdl 32]} 22. Nd8 $2 (22. Rd4 $14 {stays ahead.}) 22... Rc7 $17 23. Bf2 (23. Bf4 $17) 23... Bd7 ({Weaker is} 23... Qxc4 24. Qxc4 Rxc4 25. b3 $15) ({Inferior is} 23... Rxc4 24. Bf1 $16) 24. Rxd7 (24. e6 {might work better.} Bxe6 25. Nxe6 fxe6 26. Bh3) 24... Rxd7 $19 25. Nc6 e6 26. Ra1 (26. Nd4 {is a better defense.}) 26... Nxb2 27. Rxa5 Qxc4 {Black is clearly winning.} 28. Bf3 Rd1+ 29. Kg2 {intending Qxc4.} Qxe2 30. Bxe2 Rd2 31. Bb5 (31. Kf1 $142 Rxc2 32. Nxb4 Rc1+ 33. Kg2) 31... Nd1 {Precision: White = 18%, Black = 37%.} 0-1

[Event "41st Eastman Open Ghent"]
[Site "Ghent"]
[Date "2018.07.15"]
[Round "4"]
[White "Kok, Cas"]
[Black "Docx, Stefan"]
[Result "0-1"]
[WhiteElo "2031"]
[BlackElo "2450"]
[Annotator "TA"]
[PlyCount "108"]
[EventDate "2018.07.15"]
[EventCountry "BEL"]
[SourceTitle "playchess.com"]
[Source "ChessBase"]
[SourceQuality "1"]

{[%evp 18,108,26,-8,0,-33,-32,-33,-33,-33,-33,-31,-29,-29,-31,-38,-38,-38,-36,-31,-41,-35,-29,-52,-30,-78,-78,-141,-143,-175,-123,-208,-119,-114,-113,-104,-110,-207,-207,-207,-206,-214,-208,-208,-207,-207,-200,-214,-214,-12814,-214,-12840,-12840,-12841,-12828,-12829,-4285,-12832,0,-12823,-5216,-12816,-1368,-1104,-444,-429,-404,-404,0,-378,-364,-356,-342,-342,-342,-335,-335,-12842,-325,-325,0,-325,-229,-12847,0,-229,-229,-229,-229,-12845,-12845,-12845,-12846]} 1. d4 Nf6 2. c4 e6 3. Nc3 Bb4 4. Qc2 d5 5. cxd5 exd5 6. Bg5 h6 7. Bh4 c5 8. dxc5 {E35: Nimzo-Indian: Classical: 4...d5 5 cxd5 exd5} O-O (8... g5 9. Bg3 Ne4 10. e3 Qa5 11. Rc1 Nc6 12. Bd3 Nxg3 13. hxg3 d4 14. exd4 Nxd4 15. Qd1 Bxc5 16. Nf3 Bg4 17. Kf1 Nxf3 18. gxf3 {0-1 (55) Vallejo Pons,F (2707)-So,W (2780) Leon 2018}) 9. e3 Be6 10. Bd3 {LiveBook: 13 Games. White has an edge.} Nc6 11. Nf3 (11. Bh7+ {keeps more tension.} Kh8 12. Bf5 d4 13. O-O-O Bxf5 14. Qxf5 Qa5 15. exd4 Bxc3 16. Bxf6 gxf6 17. bxc3 Qxc3+ 18. Kb1) 11... d4 12. exd4 Nxd4 13. Nxd4 Qxd4 14. Bxf6 Qxf6 15. O-O Bxc3 (15... Bxc5 $2 16. Ne4 $18) 16. Qxc3 Qxc3 17. bxc3 {[#]} Rfc8 $146 18. Be4 Rxc5 19. Rfb1 Rxc3 20. Rxb7 Ra3 21. Rc1 Rd8 ({Don't play} 21... Bxa2 $6 22. Ra1 $11) 22. f4 {[#]} (22. Bb1 $142) 22... g6 $1 $17 ({Of course not} 22... Bxa2 $6 23. Ra1 $11) ({Much less strong is} 22... Rxa2 23. f5 $15) 23. h3 Rxa2 ({Better is} 23... Rd4 $19 24. f5 gxf5) 24. Rc6 (24. Rcc7 $17 {keeps fighting.}) 24... Ra4 ({Black should play} 24... a5 $19 25. Rc2 Ra1+ 26. Kf2 Rd4) 25. Bxg6 Bd5 26. Bxf7+ Bxf7 27. Rcc7 (27. f5 $17) 27... Rxf4 $19 28. Rxa7 Rd2 {...Rff2 is the strong threat.} 29. Ra3 Rf6 30. Rg3+ Kf8 31. Rcc3 Rb2 32. Rce3 Bd5 {And now ...Rff2 would win.} 33. Re1 $2 (33. Rd3 Rf5 34. Rd4) 33... Kf7 $2 (33... Rff2 {[%cal Rf2g2]} 34. Rf1 Rxf1+ 35. Kxf1 Kf7) 34. Rf1 $2 (34. Rd1 Rf5 35. Ra1) 34... Rxf1+ 35. Kxf1 {[%mdl 4096] Endgame KRB-KR} Kf6 36. Kg1 Rb8 (36... Rc2 $142 37. Kf1 Rc1+ 38. Kf2 Rc4) 37. Rc3 Rb2 38. Rg3 $1 Kf5 (38... Ra2 $142 39. Kf1 Ra1+ 40. Kf2 Ra2+ 41. Kf1 Ra1+ 42. Kf2 Ra2+ 43. Kf1) 39. Rg7 Rd2 (39... Rc2 $142 40. g3 Bg2) 40. Rg3 Be4 (40... Ra2 $142 41. Rg4 h5) 41. Rg8 Kf4 42. Rg4+ Kf5 43. Rg8 $1 Rc2 44. Rg7 Rc6 45. Rg8 Kf4 46. Rb8 Rd6 47. Rb3 $2 (47. Kh2) 47... Rg6 $2 (47... Rd2 48. g3+ Ke5) 48. Rb2 Rc6 49. Rb8 $1 h5 50. Rb5 $2 (50. Kh2) 50... h4 $2 (50... Rc2 $19 51. Rxh5 Bc6) 51. Rb8 $2 (51. Rh5 $1 $11 {and White stays safe.}) 51... Rg6 52. Rb2 Rd6 53. Rb8 $2 (53. Kh2) 53... Kg3 {[%cal Rd6d1] [#]} 54. Rg8+ Bg6 {Precision: White = 30%, Black = 52%.} 0-1

[Event "41st Eastman Open Ghent"]
[Site "Ghent"]
[Date "2018.07.15"]
[Round "4"]
[White "Scheermeijer, Paul H"]
[Black "Foisor, Sabina"]
[Result "0-1"]
[WhiteElo "1877"]
[BlackElo "2285"]
[Annotator "TA"]
[PlyCount "80"]
[EventDate "2018.07.15"]
[EventCountry "BEL"]
[SourceTitle "playchess.com"]
[Source "ChessBase"]
[SourceQuality "1"]

{[%evp 10,80,27,32,29,12,39,35,47,16,61,0,28,-14,16,-4,32,2,7,0,45,16,33,31,52,-37,57,-24,71,69,88,78,129,92,108,34,101,96,201,101,153,70,198,158,196,18,127,-23,-28,-29,-7,-94,-57,-35,-54,-137,10,-213,-213,-391,-387,-381,-386,-362,-227,-628,-645,-621,-613,-2574,-2463,-6821,-6527]} 1. e4 c6 2. d3 d5 3. Nd2 g6 4. Ngf3 Bg7 5. g3 Bg4 6. Bg2 {LiveBook: 13 Games. B10: Caro-Kann: 2 d3 and 2 c4} e5 (6... e6 7. h3 Bxf3 8. Qxf3 Nd7 9. Qe2 Ne7 10. O-O O-O 11. c3 a5 12. d4 dxe4 13. Nxe4 Nd5 {½-½ (32) Andriasian,Z (2586)-Wang,Y (2690) chess.com INT 2018}) 7. h3 Be6 8. O-O {White is slightly better.} d4 9. Nc4 $146 ({Predecessor:} 9. a4 a5 10. Qe2 f6 11. c3 c5 12. b3 Qd7 13. Nc4 Bxc4 14. dxc4 {1-0 (47) Mishev,L (2128)-Ivanov,G (1540) Sliven 2016}) 9... f6 10. a4 (10. c3 $1 $14) 10... Ne7 11. Nh2 b5 12. Na3 Qd7 13. h4 O-O 14. f4 a6 15. Bd2 exf4 16. gxf4 f5 17. Bb4 ({White should play} 17. e5 $14) 17... Ra7 (17... fxe4 $15 18. dxe4 bxa4) 18. Qd2 (18. e5 $14) 18... Re8 (18... fxe4 $1 $11 19. dxe4 a5 20. Bxa5 d3) 19. Bc5 Rb7 20. Nf3 Kh8 (20... fxe4 $142 21. dxe4 a5) 21. a5 Ng8 22. Rae1 (22. b4 $16) 22... fxe4 (22... Nh6 $14) 23. dxe4 $16 Rd8 {[#]} (23... Nf6 $16 {was necessary.}) 24. Ng5 (24. h5 $1 $18 {[%mdl 512]}) 24... h6 25. Nf3 (25. f5 $16 hxg5 26. hxg5 (26. fxe6 Qxe6 27. Bb6 Rdd7 $14)) 25... Qe8 ({Better is} 25... Bh3 $14) 26. f5 (26. Nxd4 b4 $17) 26... Bf7 27. Qf2 $2 (27. h5 $18 Nd7 28. Bd6 (28. fxg6 Nxc5 29. gxf7 Rxf7 $15) (28. Bxd4 Ne5 $16) (28. hxg6 Nxc5 29. gxf7 Rxf7 $14)) 27... d3 {[#]} (27... b4 $11 28. e5 bxa3) 28. c3 (28. cxd3 $1 $16 {Strongly threatening h5.} Rxd3 29. Qe2) 28... Nd7 $11 29. Bd4 Ne5 30. Rd1 (30. Bb6 $11 {keeps the balance.}) 30... b4 {White must now prevent ...Nxf3+.} 31. Nxe5 Bxe5 32. fxg6 (32. Nb1 $15) 32... Bb3 (32... Bxg6 33. Bxe5+ Qxe5 34. Nc4 $17) (32... Bxd4 $17 33. cxd4 Bxg6) 33. Bxe5+ $2 (33. Rxd3 $11 Bxd4 34. Rxd4 bxa3 35. bxa3) 33... Qxe5 $19 34. Nb1 $2 (34. cxb4 {was the only defense.} Bxd1 35. Rxd1) 34... Bxd1 35. Rxd1 bxc3 36. Nxc3 Qxa5 37. Nd5 $2 (37. Qg3) 37... cxd5 {Black is clearly winning.} 38. Qd4+ Rg7 39. Rf1 dxe4 40. Qxe4 Qb6+ {Precision: White = 13%, Black = 17%.} 0-1

[Event "41st Eastman Open Ghent"]
[Site "Ghent"]
[Date "2018.07.16"]
[Round "5"]
[White "Moradiabadi, Elshan"]
[Black "Froeyman, Helmut"]
[Result "1-0"]
[WhiteElo "2538"]
[BlackElo "2290"]
[Annotator "TA"]
[PlyCount "137"]
[EventDate "2018.07.15"]
[EventCountry "BEL"]
[SourceTitle "playchess.com"]
[Source "ChessBase"]
[SourceQuality "1"]

{[%evp 24,137,24,15,20,0,21,21,52,47,45,35,56,57,53,70,51,50,58,57,134,112,135,86,139,52,56,53,50,45,51,50,57,37,173,195,215,210,230,222,223,222,197,162,196,196,196,200,213,218,206,212,224,156,320,316,311,233,227,231,224,206,216,203,264,256,283,255,239,175,304,207,200,0,289,285,278,271,350,369,423,423,422,422,406,398,428,426,415,404,435,429,484,483,509,505,529,503,502,483,750,733,872,857,756,566,618,519,808,782,998,998,6704,6608,29983,29984]} 1. d4 f5 2. g3 Nf6 3. Bg2 e6 4. Nf3 d5 5. O-O Bd6 6. c4 c6 7. b3 Qe7 8. Bb2 b6 9. Qc1 Bb7 10. Ba3 Nbd7 11. Bxd6 Qxd6 12. Nc3 O-O 13. Rd1 {LiveBook: 3 Games. A90: Dutch Defence: Miscellaneous and Modern Stonewall (with ...Bd6)} Rac8 (13... Ne4 14. e3 a5 15. Qb2 Ba6 16. Rac1 Rfc8 17. a3 Qe7 18. Bf1 Bb7 19. Bg2 Ba6 20. Bf1 Bb7 21. Bg2 Ba6 {½-½ (21) Rozum,I (2573)-Oparin,G (2605) Sochi 2017}) 14. Qb2 Rfd8 $146 ({Predecessor:} 14... Ne4 15. Rac1 Qe7 16. Na4 dxc4 17. bxc4 {0-1 (55) Saduakassova,D (2428)-Charochkina,D (2383) Doha 2016}) 15. Rac1 {The position is equal.} a5 16. e3 Qe7 17. Ne2 c5 18. Nf4 Ba8 19. Ng5 Nf8 20. dxc5 (20. h4 {keeps more tension.} h6 21. Nf3 N8d7 22. dxc5 Nxc5 23. Ne5) 20... Rxc5 21. cxd5 Rxc1 ({Black should play} 21... Nxd5 $14 22. Nxd5 Bxd5 23. Rxc5 bxc5) 22. Qxc1 $40 {[%cal Rg5e6][%mdl 128] White wants a kill.} Bxd5 23. Nxd5 Nxd5 {[#]} ({Better is} 23... exd5 24. Qc6 Rd6) 24. Bxd5 (24. Nxe6 $1 $16 {[%mdl 512]} Nc3 (24... Qxe6 25. Qd2) 25. Rxd8 Ne2+ 26. Kf1 Nxc1 27. Bd5 (27. Rxf8+ Qxf8 28. Nxf8 Kxf8 $14)) 24... Qxg5 $14 25. Bc4 Qe7 26. Rxd8 Qxd8 27. Qc2 {Strongly threatening Qxf5.} Qf6 28. Qd2 Qe5 (28... Qa1+ $14 29. Kg2 Qe5) 29. Qd8 $18 Qe4 30. Qxb6 Qb1+ 31. Kg2 Qe4+ 32. f3 Qe5 33. Qd4 Qc7 34. e4 fxe4 35. Qxe4 Qd6 36. f4 g6 37. a4 Kf7 38. Kh3 h5 $2 (38... Qc5 $16 {was worth a try.} 39. Qb7+ Kf6) 39. Qb7+ Kf6 40. Qa8 Qc5 41. Kg2 Ke7 42. Qe4 Kf6 43. Kf3 Qd6 44. Ke3 Kf7 45. Ke2 Qc5 {and the idea ...Qg1 leaves Black hopeful.} 46. Kd3 Qd6+ (46... Qg1 {keeps fighting.} 47. Qf3 Qb1+ 48. Kd4 Qg1+ 49. Qe3 Qxh2) 47. Kc2 Qc5 48. Kd3 (48. Qe1 $142) 48... Qd6+ $1 49. Qd4 Qb4 50. Qe5 Qb6 51. f5 Qd8+ 52. Kc2 {[%cal Rf5e6]} gxf5 53. Qxf5+ Kg7 54. Qxh5 Qb6 55. Qg4+ Kf7 56. Qf4+ Ke7 57. h4 Nd7 58. g4 Qg1 59. Qg5+ Kd6 60. Qd2+ Ke7 61. Qxa5 Nc5 (61... Qh2+ $142 62. Qd2 Qxh4 63. Qb4+ Kf7) 62. Qc7+ Kf6 63. Qf4+ Ke7 64. Bf1 Nd7 65. h5 {[%cal Bh4h5,Bh5h6][%mdl 32]} Qc5+ (65... Nf6 $142 66. Be2 Nd5) 66. Bc4 Qa3 67. Qd4 Qb4 68. h6 Qb8 69. Qg7+ {Precision: White = 68%, Black = 44%.} 1-0

[Event "41st Eastman Open Ghent"]
[Site "Ghent"]
[Date "2018.07.16"]
[Round "5"]
[White "Docx, Stefan"]
[Black "Malakhatko, Vadim"]
[Result "1/2-1/2"]
[WhiteElo "2450"]
[BlackElo "2499"]
[Annotator "TA"]
[PlyCount "33"]
[EventDate "2018.07.15"]
[EventCountry "BEL"]
[SourceTitle "playchess.com"]
[Source "ChessBase"]
[SourceQuality "1"]

{[%evp 15,16,13,18]} 1. d4 d5 2. Nf3 Nf6 3. c4 dxc4 4. e3 e6 5. Bxc4 c5 6. O-O a6 7. dxc5 Qxd1 8. Rxd1 Bxc5 {LiveBook: 891 Games} {Predecessor:} 9. Nbd2 $146 Nbd7 10. Be2 b6 11. a3 Bb7 12. b4 Be7 13. Bb2 O-O 14. Nc4 b5 15. Na5 Bd5 16. Nd4 Rac8 17. Rac1 {½-½ (48) Prohaszka,P (2613)-Xiong,J (2665) Saint Louis 2018} 1/2-1/2

[Event "41st Eastman Open Ghent"]
[Site "Ghent"]
[Date "2018.07.16"]
[Round "5"]
[White "Arman, Deniz"]
[Black "De Wolf, Johan"]
[Result "*"]
[WhiteElo "2366"]
[BlackElo "2075"]
[Annotator "NA"]
[PlyCount "73"]
[EventDate "2018.07.15"]
[EventCountry "BEL"]
[SourceTitle "playchess.com"]
[Source "ChessBase"]
[SourceQuality "1"]

1. e4 d5 2. exd5 Nf6 3. Bb5+ Bd7 4. Be2 Nxd5 5. d4 Bf5 6. a3 e6 {B01: Skandinavische Verteidigung} 7. c4 (7. Nf3 Be7 8. O-O O-O 9. c4 Nb6 10. Nc3 Bf6 11. Be3 Nc6 12. b4 Qd7 13. Ra2 Rad8 14. Rd2 Bg4 15. Ne4 Bxf3 16. Nxf6+ gxf6 17. gxf3 Kh8 18. Kh1 Rg8 19. Qc2 e5 20. Qe4 Qh3 21. f4 Nxc4 22. Rc2 Nxe3 23. fxe3 exd4 24. b5 Na5 25. Bd3 dxe3 26. Re1 Rxd3 {0-1 (26) Kosintseva,T (2483)-Muzychuk,A (2545) Beijing 2014}) 7... Nf6 8. Be3 c6 9. Nc3 Be7 10. Bf3 O-O 11. g4 Bg6 12. h4 Nxg4 $146 ({Vorgänger:} 12... h6 $16 13. g5 hxg5 14. hxg5 {½-½ (32) Hedman,E (2410)-Madebrink,L (2255) Sweden 2008}) 13. Bxg4 f5 14. h5 Be8 15. Bf3 f4 16. Bc1 e5 17. d5 Qb6 18. b4 Nd7 19. d6 Bd8 20. c5 Nxc5 21. bxc5 Qxc5 22. Qb3+ Bf7 23. Qb4 Qd4 24. Qxd4 exd4 25. Nce2 d3 26. Rb1 (26. Nc3 $142) 26... dxe2 27. Rxb7 Re8 28. Nxe2 Bc4 29. Rg1 Bf6 30. Bxf4 Rab8 $18 (30... Reb8 $142 31. Bxc6 Rxb7) 31. d7 Rxe2+ 32. Bxe2 Rxb7 33. Bxc4+ Kh8 34. Rg3 Rxd7 35. Rb3 g5 36. hxg6 hxg6 37. Rh3+ *

[Event "41st Eastman Open Ghent"]
[Site "Ghent"]
[Date "2018.07.16"]
[Round "5"]
[White "Lammens, Tim"]
[Black "Sarrau, Jelle"]
[Result "0-1"]
[WhiteElo "2293"]
[BlackElo "2366"]
[Annotator "NA"]
[PlyCount "74"]
[EventDate "2018.07.15"]
[EventCountry "BEL"]
[SourceTitle "playchess.com"]
[Source "ChessBase"]
[SourceQuality "1"]

1. Nf3 c5 2. g3 b6 3. e4 {A04: Holländisches System ohne Übergang in andere Systeme} Bb7 4. Qe2 g6 5. c3 Bg7 6. Bg2 Nc6 7. O-O $146 ({Vorgänger:} 7. Na3 e6 8. d4 cxd4 9. cxd4 d5 10. exd5 Qxd5 {1-0 (115) Stefanova,A (2512)-Khurtsidze,N (2383) Teheran 2017}) 7... e6 8. d4 cxd4 9. cxd4 Nxd4 10. Nxd4 Bxd4 11. Na3 Bg7 12. Nb5 Bc6 13. Nd6+ Kf8 14. e5 Qc7 (14... Bxg2 $14 15. Kxg2 f5) 15. Bf4 Ne7 16. Rac1 h6 17. h4 a5 18. Rfd1 Kg8 19. Be4 Qa7 20. Bxc6 $11 Nxc6 21. Qe4 Rf8 22. g4 Qb8 23. Rc3 Qd8 24. Bg3 f5 25. gxf5 gxf5 26. Qe3 f4 27. Bxf4 Qxh4 28. Bg3 Qg4 29. Rdc1 Nxe5 30. Rc8 Kh7 31. Rxf8 Rxf8 32. Qxb6 Nf3+ 33. Kg2 Nh4+ 34. Kh2 Bd4 35. Qb7 Rxf2+ 36. Bxf2 Nf3+ 37. Qxf3 Qxf3 0-1